Introduction to applied numerical analysis /

Guardado en:
Autor Principal: Hamming, R. W. 1915-1998.
Formato: Libro
Idioma:English
Publicado: New York : McGraw-Hill, c1971.
Series:McGraw-Hill computer science series
Etiquetas: Agregar Etiqueta
Sin Etiquetas, Sea el primero en etiquetar este registro!
LEADER 00564cam a22001695a 4500
001 MAT.inmabb002181
008 701221s1971####nyua##########001#0#eng#d
005 20151118144316.0
245 1 0 |a Introduction to applied numerical analysis /  |c Richard W. Hamming. 
260 |a New York :  |b McGraw-Hill,  |c c1971. 
300 |a x, 331 p. :  |b il. ;  |c 24 cm. 
440 0 |a McGraw-Hill computer science series 
020 |a 0070258899 
100 1 |a Hamming, R. W.  |q (Richard Wesley),  |d 1915-1998. 
084 |a 65-01  |2 msc2000 
010 |a  78127970  
859 |h 65  |i H2247i  |p A-3841  |b BIB. MATEMATICA